Martha : the life of Martha Mitchell /

Bibliographic Details
Main Author: McLendon, Winzola
Format: Book
Language:English
Published: New York : Random House, [1979]
Edition:1st ed.
Subjects:

MARC

Tag First Indicator Second Indicator Subfields
LEADER 00000cam a2200000 i 4500
001 in00000081832
005 20151008054152.0
008 781115s1979 nyuaf 00110beng
010 |a  77090289  
020 |a 0394411242 :  |c $12.50 
035 |a (OCoLC)04499552 
035 |9 AAH9848AM 
040 |a DLC  |c DLC  |d OCL  |d TXA  |d UtOrBLW 
043 |a n-us--- 
049 |a TXAM  |c 1 [1157659], 2 [1502011] 
050 0 0 |a HQ1413.M57  |b M3 
082 0 |a 301.41/2/0924  |a B 
100 1 |a McLendon, Winzola. 
245 1 0 |a Martha :  |b the life of Martha Mitchell /  |c by Winzola McLendon. 
250 |a 1st ed. 
264 1 |a New York :  |b Random House,  |c [1979] 
264 4 |c ©1979 
300 |a xi, 400 pages, 8 unnumbered leaves of plates :  |b illustrations ;  |c 25 cm. 
336 |a text  |b txt  |2 rdacontent 
337 |a unmediated  |b n  |2 rdamedia 
338 |a volume  |b nc  |2 rdacarrier 
500 |a Includes index. 
600 1 0 |a Mitchell, Martha,  |d 1918-1976. 
600 1 0 |a Mitchell, John N.  |q (John Newton),  |d 1913-1988. 
650 0 |a Wives  |z United States  |v Biography. 
650 0 |a Lawyers  |z United States  |v Biography. 
999 |a MARS 
999 f f |s f7cc8621-fa38-3639-9222-433c7eada2fb  |i 6e0a9318-1120-324a-a782-49631af302c5  |t 0 
952 f f |p ric  |a Texas A&M University  |b Rellis Campus  |c Joint Library Facility  |d Remote Storage  |t 0  |e HQ1413.M57 M3  |h Library of Congress classification  |i unmediated -- volume  |m A14806143390 
998 f f |a HQ1413.M57 M3  |t 0  |l Remote Storage